| 000 | 00805ata a2200301 4500 | ||
|---|---|---|---|
| 005 | 20260211160548.0 | ||
| 008 | 150304b2010 xxu||||| |||| 00| | spa d | ||
| 020 | _a9789879120682 | ||
| 041 | _aESP | ||
| 082 | _a364 AN599h | ||
| 100 |
_aAnitua, Gabriel Ignacio _9206 |
||
| 245 | _aHistorias de los pensamientos criminológicos | ||
| 260 | _aArgentina | ||
| 260 | _bEditores del puerto | ||
| 260 | _c2010 | ||
| 300 | _a534 páginas | ||
| 490 | _aInvestigación Criminal | ||
| 650 | _aCRIMINOLOGÍA | ||
| 650 | _aHISTORIA | ||
| 650 | _aTEORÍAS CRIMINOLÓGICAS | ||
| 650 | _aPOSITIVISMO | ||
| 650 | _aCRIMINOLOGÍA CIENTÍFICA | ||
| 650 | _aTEORÍAS DE LA REACCIÓN SOCIAL | ||
| 650 | _aCRIMINOLOGÍA CRÍTICA | ||
| 650 | _aCASTIGO | ||
| 650 | _aREPRESIÓN PENAL | ||
| 942 |
_cBK _2ddc |
||
| 999 |
_c3565 _d3565 |
||